| 000 | 00781cam a22002651i 4500 | ||
|---|---|---|---|
| 001 | 9305079 | ||
| 003 | ARRUPE | ||
| 005 | 20221116103359.0 | ||
| 008 | 770927t19511929nyu 000 0 eng | ||
| 010 | _a 51005200 | ||
| 028 | _bArrupe | ||
| 035 | _a(OCoLC)3300365 | ||
| 040 |
_aDLC _cA _dA _dDLC |
||
| 042 | _apremarc | ||
| 050 | 0 | 0 |
_aBX2350 _b.S48 1951 |
| 082 | _a248 | ||
| 100 | 1 |
_aSheen, Fulton J. _q(Fulton John), _d1895-1979 _951847 |
|
| 245 | 1 | 4 |
_aThe life of all living : _bthe philosophy of life / _cby Fulton J. Sheen. |
| 260 |
_aGarden City, N.Y. : _bGarden City Books, _c1951, c1929. |
||
| 300 |
_aix, 236 p. ; _c21 cm. |
||
| 650 | 0 |
_aLife. _913910 |
|
| 650 | 0 | _aChristian life. | |
| 906 |
_a7 _bcbc _coclcrpl _du _encip _f19 _gy-gencatlg |
||
| 942 |
_2lcc _cMONOGRAPH |
||
| 999 |
_c131521 _d131521 |
||